000 00908nam a2200265 i 4500
001 bg
100 1 _aBlanke-Ławniczak, Katarzyna.
245 1 0 _aZarządzanie finansami przedsiębiorstw :
_bpodstawy teoretyczne, przykłady, zadania /
_cKatarzyna Blanke-Ławniczak, Przemysław Bartkiewicz, Marek Szczepański (red.).
260 _aPoznań :
_bWydawnictwo Politechniki Poznańskiej,
_c2007.
300 _a122 s. :
_bil. ;
_c24 cm.
504 _aBibliogr. s. 121-122 i przy rozdz.
650 9 _aPrzedsiębiorstwo
_xfinanse
_xzarządzanie
655 _aPodręczniki akademickie
700 1 _aBartkiewicz, Przemysław.
700 1 _aSzczepański, Marek
_d(1959- ).
015 _aPB 26911/2007
020 _a9788371432873
040 _cBPK
041 0 _apol
044 _aPOL
080 _a658.15(075.8)
920 _a978-83-7143-287-3
942 _cKS
008 071026s2007 pl a f f |000 0 pol
999 _c54747
_d54747
856 _uhttp://koha.tu.koszalin.pl/cgi-bin/koha/opac-detail.pl?biblionumber=54747
_yKatalog online BPK